000 00200 a2200097 4500
001 23647
100 _aSloan, H.S
245 _aDictionary of economics
260 _a
_bBames
_c
090 _c16027
_d16027
942 _aNUST-CAE
_cM
_c6700
999 _c258720
_d258720